[Event "SVK-chT2D 1314"]
[Site "Slovakia"]
[Date "2014.02.01"]
[Round "7.4"]
[White "Balazs, Attila2222"]
[Black "Kornucik, Jan"]
[Result "1-0"]
[WhiteElo "1952"]
[BlackElo "1984"]
[PlyCount "127"]
[EventDate "2013.10.19"]
[EventType "team-tourn"]
[EventRounds "11"]
[EventCountry "SVK"]
[SourceTitle "EXT 2015"]
[Source "ChessBase"]
[SourceDate "2014.11.20"]
[SourceVersion "1"]
[SourceVersionDate "2014.11.20"]
[SourceQuality "1"]
[WhiteTeam "Kosice Slavia TU IV"]
[BlackTeam "Humenne II"]
[WhiteTeamCountry "SVK"]
[BlackTeamCountry "SVK"]

1. e4 c5 2. Nf3 Nc6 3. d4 cxd4 4. Nxd4 e5 5. Nb5 d6 6. N1c3 a6 7. Na3 Be6 8. Be3 Nf6 9. Nd5 Nxd5 10. exd5 Qa5+ 11. c3 Qxd5 12. Qc2 Qa5 13. Nc4 Qc7 14. Bb6 Qd7 15. Ne3 g6 16. Be2 Rc8 17. Qd2 d5 18. Nc2 Bg7 19. 0-0 0-0 20. Rfd1 Ne7 21. a4 Rc6 22. a5 Rfc8 23. Nb4 Rxb6 24. axb6 Qd6 25. Bf3 Rc5 26. Nd3 Rb5 27. Be2 Rxb6 28. b4 e4 29. Nc5 Qe5 30. Ra3 Nf5 31. Bg4 Bh6 32. Qe2 e3 33. Kh1 Ng7 34. Bxe6 fxe6 35. Nd7 Qc7 36. Nxb6 Qxb6 37. fxe3 Bxe3 38. Rf1 d4 39. Qf3 h5 40. Qf8+ Kh7 41. c4 Nf5 42. Qf7+ Kh6 43. Qf8+ Kh7 44. Ra5 Bh6 45. Qf7+ Bg7 46. Rc5 Qd6 47. Qxb7 d3 48. Qf3 Bd4 49. Rxf5 gxf5 50. Qxd3 Kg6 51. Rd1 e5 52. Qg3+ Kh6 53. h4 Qf6 54. c5 f4 55. Qg5+ Qxg5 56. hxg5+ Kxg5 57. c6 Bb6 58. Rd7 e4 59. c7 Bxc7 60. Rxc7 e3 61. Kg1 h4 62. Kf1 h3 63. gxh3 f3 64. Rc4 1-0